000 00578nam a2200181Ia 4500
008 100920s9999 xx 000 0 und d
082 _b60373
_a520 थ 93
100 _aसाने हेमा.
245 _aपरिचितांचा परिचय.
260 _bअमेय प्रकाशन, पुणे.
_c1993
300 _a74
_bसाधी
365 _b35
520 _aशाअ.
630 _aपरिचितांचा परिचय.
650 _aशाअ.
730 _aपरिचितांचा परिचय.
942 _cBOOK
999 _c703648
_d703645